Asian Countries - Sudden Death - Statistics

General Stats
  • This quiz has been taken 2,112 times
  • The average score is 16 of 20
Answers on the Grid
Answers color-coded by a green-red scale on the quiz's grid according to % correct below.
Taiwan
Burundi
Cyprus
Costa Rica
Gambia
Bahrain
Armenia
Myanmar
Samoa
Nepal
Kosovo
Antigua and Barbuda
Iraq
Angola
East Timor
Oman
Denmark
Cameroon
Seychelles
Guyana
Burkina Faso
Sri Lanka
Belarus
Vietnam
Austria
Tuvalu
Bangladesh
Bahamas
United Kingdom
Turkey
Mozambique
Tajikistan
San Marino
Venezuela
Mauritania
Laos
Moldova
Bhutan
Lesotho
Slovakia
Maldives
Singapore
Syria
Kazakhstan
 
Answer Stats
Answer % Correct
Taiwan
97%
Nepal
86%
Iraq
84%
Myanmar
84%
Bahrain
82%
Oman
81%
Sri Lanka
80%
Vietnam
80%
Bangladesh
78%
Singapore
78%
Armenia
76%
Bhutan
76%
East Timor
76%
Kazakhstan
76%
Tajikistan
76%
Laos
75%
Syria
71%
Turkey
71%
Cyprus
70%
Maldives
68%
No matching quizzes found
Score Distribution
Percent of People with Each Score
Percentile by Number Answered
Your Score History
You have not taken this quiz